К использованию логических методов для синтеза и анализа потенциально-импульсных релейных устройств: диссертация на соискание ученой степени кандидата технических наук

Bibliografiset tiedot
Päätekijä: Собакин Е. Л. Евгений Леонидович
Yhteisötekijä: Томский политехнический институт (ТПИ)
Muut tekijät: Новицкий В. М. Виктор Михайлович
Kieli:venäjä
Julkaistu: Томск, 1967
Aiheet:
Aineistotyyppi: Kirja
KOHA link:https://koha.lib.tpu.ru/cgi-bin/koha/opac-detail.pl?biblionumber=138185

MARC

LEADER 00000nbm0a2200000 4500
001 138185
005 20260416160855.0
035 |a (RuTPU)RU\TPU\book\149736 
090 |a 138185 
100 |a 20080521d1967 k y0rusy50 ca 
101 0 |a rus 
102 |a RU 
105 |a a m 001zy 
200 1 |a К использованию логических методов для синтеза и анализа потенциально-импульсных релейных устройств  |e диссертация на соискание ученой степени кандидата технических наук  |f Е. Л. Собакин  |g Томский политехнический институт (ТПИ) ; науч. рук. В. М. Новицкий 
210 |a Томск  |d 1967 
215 |a 352 л.  |c ил. 
320 |a Библиогр.: с. 342-352 (96 назв.) 
610 1 |a диссертации 
610 1 |a релейные устройства 
610 1 |a логические методы 
610 1 |a импульсные устройства 
610 1 |a синтез 
610 1 |a анализ 
610 1 |a потенциально-импульсные логические функции 
675 |a 621.318.5(04)  |v 3 
700 1 |a Собакин  |b Е. Л.  |c специалист в области автоматического управления  |c доцент Томского политехнического института, кандидат технических наук  |f 1940-  |g Евгений Леонидович  |9 89232 
702 1 |a Новицкий  |b В. М.  |c специалист в области автоматики и электромеханики  |c доцент АВТФ Томского политехнического института, кандидат технических наук  |f 1923 – 2000  |g Виктор Михайлович  |9 89240 
712 0 2 |a Томский политехнический институт (ТПИ)  |c (1944-1991)  |3 (RuTPU)RU\TPU\col\1123 
801 1 |a RU  |b 63413507  |c 20080521  |g PSBO 
801 2 |a RU  |b 63413507  |c 20080521  |g PSBO 
942 |c BK